|
|
|
|
| LEADER |
00000nam a22000007a 4500 |
| 008 |
200409s1988 cl |||| o|||| 00| 0 spa d |
| 952 |
|
|
|0 0
|1 0
|2 ddc
|4 0
|6 RECURSO_ELECTRONICO
|7 0
|8 BAS
|9 94541
|a BC
|b BC
|c Digital
|d 2021-04-09
|l 0
|o RECURSO ELECTRONICO
|r 2021-04-09 00:00:00
|w 2021-04-09
|y BK
|A 112
|B SOC
|
| 999 |
|
|
|c 54108
|d 54108
|
| 040 |
|
|
|a UAHC
|c UAHC
|
| 110 |
|
|
|9 6678
|a Programa de la Naciones Unidas para el Desarrollo (PNUD)
|
| 245 |
|
|
|a Informa de desarrollo humano en Chile 1988
|c Programa de las Naciones Unidas para el Desarrollo (PNUD).
|
| 260 |
|
|
|a Santiago, Chile :
|b PNUD,
|c 1988.
|
| 300 |
|
|
|a 228 p.
|
| 500 |
|
|
|a Sitio visitado https://www.cl.undp.org/ae830163-a295-4282-b9eb-c29a1b372388 el 9 de abril de 2021.
|
| 520 |
|
|
|a En ese Informe se constató que la sociedad chilena vive un vigoroso proceso de desarrollo en democracia y que este ha hecho avanzar el Desarrollo Humano en el país en general (puesto n° 30 a nivel mundial) y en todas las regiones de Chile en particular. Al mismo tiempo, surgieron interrogantes sobre la capacidad del actual modelo de distribuir las oportunidades en forma equitativa a nivel espacial. Se pudieron constatar también las deficiencias que presenta el proceso de descentralización para crear capacidades endógenas que posibiliten a todas las regiones enfrentar los desafíos de la competitividad en un mundo globalizado.
|
| 651 |
|
0 |
|9 10392
|a Chile
|x Condiciones Económicas
|z Siglo 20
|
| 651 |
|
0 |
|9 13237
|a Chile
|x Condiciones sociales
|y Siglo 20
|
| 856 |
|
|
|u https://www.cl.undp.org/ae830163-a295-4282-b9eb-c29a1b372388
|y Acceso electrónico al documento
|
| 900 |
|
|
|a Recurso electrónico
|
| 942 |
|
|
|c BK
|2 ddc
|